आंबेडकरी चळवळ आणि सोशॅलिस्ट (Record no. 1232461)

MARC details
000 -LEADER
fixed length control field 00771nam a2200193Ia 4500
008 - FIXED-LENGTH DATA ELEMENTS--GENERAL INFORMATION
fixed length control field 151121s9999||||xx |||||||||||||| ||und||
082 ## - DEWEY DECIMAL CLASSIFICATION NUMBER
Classification number 309।1/ढसाळ
082 ## - DEWEY DECIMAL CLASSIFICATION NUMBER
Item number HNW-45329
100 ## - MAIN ENTRY--PERSONAL NAME
Personal name ढसाळ नामदेव
245 ## - TITLE STATEMENT
Title आंबेडकरी चळवळ आणि सोशॅलिस्ट
260 ## - PUBLICATION, DISTRIBUTION, ETC. (IMPRINT)
Name of publisher, distributor, etc "डॉ। आंबेडकर प्रबोधिनी प्रकाशन, मुंबई"
260 ## - PUBLICATION, DISTRIBUTION, ETC. (IMPRINT)
Date of publication, distribution, etc --
300 ## - PHYSICAL DESCRIPTION
Extent 63
600 ## - SUBJECT ADDED ENTRY--PERSONAL NAME
Personal name ढसाळ नामदेव
630 ## - SUBJECT ADDED ENTRY--UNIFORM TITLE
Uniform title आंबेडकरी चळवळ आणि सोशॅलिस्ट
700 ## - ADDED ENTRY--PERSONAL NAME
Personal name ढसाळ नामदेव
730 ## - ADDED ENTRY--UNIFORM TITLE
Uniform title आंबेडकरी चळवळ आणि सोशॅलिस्ट
942 ## - ADDED ENTRY ELEMENTS (KOHA)
Koha item type Book
Holdings
Withdrawn status Lost status Damaged status Not for loan Home library Current library Date acquired Cost, normal purchase price Total Checkouts Full call number Barcode Date last seen Cost, replacement price Price effective from Koha item type
        Hirachand Nemchand Wachanalaya, Solapur Hirachand Nemchand Wachanalaya, Solapur 11/21/2015 12.00   HNW-45329 HNW-45329 11/21/2015 12.00 11/21/2015 Book